LEADER 01644nam0 22003733i 450 001 VAN0274365 005 20240502100557.710 017 70$2N$a9783030373269 100 $a20240404d2021 |0itac50 ba 101 $aeng 102 $aCH 105 $a|||| ||||| 200 1 $aDifferential Equations on Manifolds and Mathematical Physics$eDedicated to the Memory of Boris Sternin$fVladimir M. Manuilov ... [et al.] editors 210 $aCham$cBirkhäuser$cSpringer$d2021 215 $ax, 338 p.$cill.$d24 cm 410 1$1001VAN0059023$12001 $aTrends in mathematics$1210 $aBasel [etc.]$cBirkhäuser 610 $aAsymptotic methods$9KW:K 610 $aElliptic theory$9KW:K 610 $aManifolds with singularities$9KW:K 610 $aMathematical physics$9KW:K 610 $aNoncommutative geometry$9KW:K 610 $aPartial differential equations$9KW:K 620 $aCH$dCham$3VANL001889 702 1$aManuilov$bVladimir M.$3VANV226781 712 $aBirkhäuser $3VANV108193$4650 712 $aSpringer $3VANV108073$4650 801 $aIT$bSOL$c20240614$gRICA 856 4 $uhttps://doi.org/10.1007/978-3-030-37326-9$zE-book ? Accesso al full-text attraverso riconoscimento IP di Ateneo, proxy e/o Shibboleth 899 $aBIBLIOTECA DEL DIPARTIMENTO DI MATEMATICA E FISICA$1IT-CE0120$2VAN08 912 $fN 912 $aVAN0274365 950 $aBIBLIOTECA DEL DIPARTIMENTO DI MATEMATICA E FISICA$d08CONS e-book 8042 $e08eMF8042 20240412 996 $aDifferential equations on manifolds and mathematical physics$92597509 997 $aUNICAMPANIA LEADER 01936nam0 22004933i 450 001 VAN00285130 005 20250527124437.870 017 70$2N$a9783031047411 100 $a20250122d2023 |0itac50 ba 101 $aeng 102 $aCH 105 $a|||| ||||| 181 $ai$b e 182 $ab 183 $acr 200 1 $aPolarized Light in Biomedical Imaging and Sensing$eClinical and Preclinical Applications$fJessica C. Ramella-Roman, Tatiana Novikova editors 210 $aCham$cSpringer$d2023 215 $avi, 362 p.$cill.$d24 cm 606 $a78-XX$xOptics, electromagnetic theory [MSC 2020]$3VANC022356$2MF 606 $a92C05$xBiophysics [MSC 2020]$3VANC020842$2MF 606 $a92C75$xBiotechnology [MSC 2020]$3VANC036163$2MF 610 $aBirefringence$9KW:K 610 $aCervical cancer$9KW:K 610 $aDepolarization$9KW:K 610 $aEndoscopy$9KW:K 610 $aMonte Carlo Methods$9KW:K 610 $aMueller Matrix polarimetry$9KW:K 610 $aPolarized light imaging$9KW:K 610 $aPreterm labor$9KW:K 610 $aRetardation$9KW:K 610 $aSkin Cancer$9KW:K 610 $abrain imaging$9KW:K 620 $aCH$dCham$3VANL001889 702 1$aNovikova$bTatiana$3VANV238963 702 1$aRamella-Roman$bJessica C.$3VANV238962 712 $aSpringer $3VANV108073$4650 801 $aIT$bSOL$c20250530$gRICA 856 4 $uhttps://doi.org/10.1007/978-3-031-04741-1$zE-book ? Accesso al full-text attraverso riconoscimento IP di Ateneo, proxy e/o Shibboleth 899 $aBIBLIOTECA DEL DIPARTIMENTO DI MATEMATICA E FISICA$1IT-CE0120$2VAN08 912 $fN 912 $aVAN00285130 950 $aBIBLIOTECA DEL DIPARTIMENTO DI MATEMATICA E FISICA$d08DLOAD e-Book 10337 $e08eMF10337 20250207 996 $aPolarized Light in Biomedical Imaging and Sensing$92968394 997 $aUNICAMPANIA